000
00218nam a22000857a 4500
082
_a
297٫44 ا خ ت
100
_a
مولانا حکیم محمد اختر صاحب
245
_a
معارف شمس تبریز
942
_c
BK
999
_c
16787
_d
16787